|
|
|
|
| LEADER |
00000nam0a2200000 4500 |
| 001 |
142996 |
| 005 |
20231101221010.0 |
| 035 |
|
|
|a (RuTPU)RU\TPU\book\154957
|
| 090 |
|
|
|a 142996
|
| 100 |
|
|
|a 20080915d1957 m y0rusy50 ca
|
| 101 |
0 |
|
|a rus
|
| 102 |
|
|
|a RU
|
| 105 |
|
|
|a a j 000zy
|
| 200 |
1 |
|
|a Исследование трансформаторов
|e пособие к лаборатории электрических машин
|f Московский энергетический институт (МЭИ); под ред. П. М. Тихомирова
|
| 210 |
|
|
|a Москва
|c Изд-во МЭИ
|d 1957
|
| 215 |
|
|
|a 56 с.
|c ил.
|
| 606 |
|
|
|a Трансформаторы
|x Исследование
|2 stltpush
|3 (RuTPU)RU\TPU\subj\61421
|9 78613
|
| 610 |
1 |
|
|a исследование
|
| 610 |
1 |
|
|a классификация
|
| 610 |
1 |
|
|a пособия
|
| 675 |
|
|
|a 621.314.21.001(076.5)
|v 3
|
| 702 |
|
1 |
|a Тихомиров
|b П. М.
|g Павел Михайлович
|4 340
|
| 712 |
0 |
2 |
|a Московский энергетический институт (МЭИ)
|c (1930-1992)
|2 stltpush
|3 (RuTPU)RU\TPU\col\20092
|
| 801 |
|
1 |
|a RU
|b 63413507
|c 20080915
|g PSBO
|
| 801 |
|
2 |
|a RU
|b 63413507
|c 20190703
|g PSBO
|
| 942 |
|
|
|c BK
|